| 000 | 00861nam a2200253 i 4500 | ||
|---|---|---|---|
| 003 | DO-SdBNP | ||
| 005 | 20240417154940.0 | ||
| 007 | ta | ||
| 008 | 240417s2008 dr 001 0 spa d | ||
| 040 |
_aDO-SdBNP _bspa _cBNPHU _erda |
||
| 082 | 4 |
_bC183 _222 |
|
| 100 |
_aCamilo, Antonio _eautor _eMonseñor _99259 _qGabriel Antonio Camilo González |
||
| 245 | 1 | 0 |
_aMonseñor Rafael Bello Peguero, Pbro. / _cAntonio Camilo ; edición Rafael Bello Peguero |
| 264 |
_aSanto Domingo : _bAmigo del Hogar, _c2008. |
||
| 300 |
_a48 páginas ; _b20 cm. |
||
| 336 |
_2rdacontent _atexto _btxt |
||
| 337 |
_2rdamedia _asin mediación _bn |
||
| 338 |
_2rdacarrier _avolumen _bnc |
||
| 590 | _aInventariado, 2024/ YL | ||
| 650 | 4 |
_aIglesia católica _zRepública Dominicana _92409 |
|
| 700 | 1 |
_aBello Peguero, Rafael _eedición _96960 |
|
| 910 | _aYLockward | ||
| 942 |
_2ddc _cLF2 |
||
| 999 |
_c56440 _d56440 |
||